| 000 | 00594nam a2200205 4500 | ||
|---|---|---|---|
| 001 | 121629 | ||
| 003 | ES-MaACL | ||
| 005 | 20230906191804.0 | ||
| 007 | t| | ||
| 008 | 070214m19491953fr r ||||1| fre d | ||
| 100 | 0 |
_aPlatón. _992598 |
|
| 245 | 1 | 0 |
_aOeuvres complètes / _cPlaton. |
| 250 | _a6e. éd. rev. et corr. | ||
| 260 |
_aParis : _bLes Belles Lettres, _c1949-1953. |
||
| 300 |
_a12 t. en 21 v. ; _c20 cm. |
||
| 490 | 1 | _aColl. des universités de France | |
| 830 | 0 |
_aColl. des universités de France _9186763 |
|
| 852 |
_aES-MaACL _jE-4633-53 _bR.43491 |
||
| 999 |
_c121629 _d121629 |
||